II Concurs de Fotografia Recida
Descripción Física:
1 punt de llibre : il·lustracions ; 21 x 5 cm
Materias:
Red de Centros de Información y Documentación Ambiental
; Bibliobusos -- Barcelona (Província) -- Activitats culturals
; Punts de llibre
Idioma:
Catalán
MARC
| LEADER | 00000nrm a22000007a 4500 | ||
|---|---|---|---|
| 001 | 25606 | ||
| 008 | 220523b spa||||| |||| 00| 0 cat d | ||
| 017 | |a DL B 21895-2016 | ||
| 080 | |a NBM-13-132 | ||
| 245 | |a II Concurs de Fotografia Recida | ||
| 246 | |a Segon Concurs de Fotografia Recida | ||
| 260 | |a Barcelona : |b RECIDA, |c 2016 | ||
| 300 | |a 1 punt de llibre : |b il·lustracions ; |c 21 x 5 cm | ||
| 610 | 2 | 0 | |9 53066 |a Red de Centros de Información y Documentación Ambiental |
| 650 | 0 | |a Bibliobusos |z Barcelona (Província) |x Activitats culturals |9 49254 | |
| 655 | 0 | |a Punts de llibre |9 52700 | |
| 710 | 2 | |9 53066 |a Red de Centros de Información y Documentación Ambiental | |
| 942 | |2 udc |c ARXIU |n 1 | ||
| 952 | |0 0 |1 0 |4 0 |6 NBM13132 |7 1 |9 61990 |a Arxiu |b Arxiu |d 2022-05-23 |l 0 |o NBM-13-132 |p 25606 |r 2022-05-23 00:00:00 |w 2022-05-23 |y ARXIU | ||
| 999 | |c 81709 |d 81709 | ||